000 00585nam a2200193Ia 4500
008 160319s9999 xx 000 0 und d
245 _aAncient Greek Gods: Last Stand of the 300 /
260 _bDolby Digital
260 _cNA
300 _a1 videodiscs :
300 _bsound, color ;
300 _c4 3/4 in.
650 _aGreece -- History -- Persian Wars, 500-449 B.C. -- Campaigns.
650 _aMythology, Greek.
650 _aThermopylae (Greece) --
650 _aThermopylae (Greece) --
650 _aThermopylae, Battle of, Greece, 480 B.C.
650 _xHistory.
999 _c292456
_d292456